000 01394nam a2200313 a 4500
001 BRCA_8335
005 20190320210233.0
008 020714m19131919gw-a###f##---#001-0#ger-#
041 _ager
044 _agw
050 4 _aND565
_b.B8 1913
100 1 _aBurger, Fritz
_d1877-1916
_910303
245 1 0 _aDie Deutsche Malerei
_bvom ausgehenden mittelalter bis zum ende der Renaissance
_cvon Fritz Burger, Hermann Schmitz und Ignaz Beth ; herausgegeben von A. E. Brinckmann.
260 _aAlemania
_bAkademische Verlagsgesellschaft Athenaion
_c1913-1919
300 _a3 v.
_bil. (algunas a color), 49 láminas
_c29 cm.
440 0 _aHandbuch der Kunstwissenschaft
_920852
500 _aIncluye índice de ilustraciones e índice onomástico
500 _aR49
504 _aBibliografía p. 487-488 (en volumen 2)
505 0 _av.1 Allgemeiner teil, Böhmen und die Öster-Reichisch-Bayerischen Lande bis 1450 (1913).-- v.2 Die Öster-Reichisch-Bayerischen Lande Schwaben, Oberrhein und die Scweiz bis 1420 (1917).-- v.3 Oberdeutschland im XV-XVI jahrhundert (1919)
650 1 4 _aPintura alemana
_xHistoria
_920853
650 1 4 _aPintura
_xEdad Media
_zAlemania
_920854
650 1 4 _aPintura
_xRenacimiento
_zAlemania
_920855
700 1 _aSchmitz, Hermann
_ecoaut.
_99529
700 1 _aBeth, Ignaz
_ecoaut.
_920856
700 1 _aBrinckmann, A. E.
_eed.
_920857
902 _aGFM
942 _2lcc
_cB
999 _c8003
_d8003